Strategy for coexistence : Competition, coordination and interdependence program

שמור ב:
מידע ביבליוגרפי
פורמט: ספר
שפה:Undetermined
יצא לאור: Japan Yomiuri International Economic Society 1983
נושאים:
תגים: הוספת תג
אין תגיות, היה/י הראשונ/ה לתייג את הרשומה!
Thư viện lưu trữ: Trung tâm Học liệu Trường Đại học Cần Thơ
LEADER 00479nam a2200157Ia 4500
001 CTU_96703
008 210402s9999 xx 000 0 und d
082 |a 338.6048 
082 |b S898 
245 0 |a Strategy for coexistence : 
245 0 |b Competition, coordination and interdependence program 
260 |a Japan 
260 |b Yomiuri International Economic Society 
260 |c 1983 
650 |a Competition economics 
980 |a Trung tâm Học liệu Trường Đại học Cần Thơ